01284nam a22003017a 4500003000400000005001700004008004100021040002200062082001800084100002500102245003000127260006000157300002100217366000800238490003100246505011200277505009400389505011000483505001200593650005500605650004700660650004800707650004300755650004500798650005600843650004700899700003600946OSt20230616125247.0221006b |||||||| |||| 00| 0 eng d cBiblioteca Lado V a709.05bG851a aGriffin, Timeeditor aArtforum/bInternacional/ aNew Yorkc2008bNew York editorial and business offices c26.5x27cma496p. espa aSetiembrev2008x0864-1315 tCOLUMNSaEditors Letter: Mirror Image Letters Passages Books Media On Site Technology Slant TOP TEN tPreviewsaFall 2008 Exhibitions US News From the Vault International News On The Road tFeaturesaBecause we Must 1000 Words A Cinema of citation Material Witness Openings Dorit Margreiter tReviews 2Tesauro de Arte & ArquitecturaaARTE COMTEMPORANEO 2Tesauro de Arte & ArquitecturaaFOTOGRAFIA 2Tesauro de Arte & ArquitecturaaARTE VISUAL 2Tesauro de Arte & ArquitecturaaLIBROS 2Tesauro de Arte & ArquitecturaaNOTICIAS 2 Tesauro de Arte & ArquitecturaaARTE INTERNACIONAL 2 Tesauro de Arte & ArquitecturaaESCULTURA aNavarreta, Jose Antonioeeditor